000 00782nam a2200253 i 4500
001 112808
003 ES-MaACL
005 20250805062608.0
007 t|
008 061121m1987 sp r ||||1| spa d
020 _a84-297-2566-0
100 1 _aMurillo Ferrol, Francisco.
_984591
245 1 0 _aEnsayos sobre sociedad y política /
_cFrancisco Murillo Ferrol ; edición de Miguel Beltrán.
250 _a1ª ed.
260 _aBarcelona :
_bPenínsula,
_c1987-1988.
300 _a2 v. ;
_c20 cm.
490 1 _aHomo sociologicus ;
_v39, 44
650 7 _aPolítica
_2embne
_9140345
650 7 _aSociología
_2embne
_917195
700 1 _aBeltrán, Miguel.
_927347
830 0 _aHomo sociologicus ;
_v39, 44
_9177385
852 _aES-MaACL
_jG-9427-28
999 _c112808
_d112808